000 00370nab a22001097u 4500
008 130520b2008 xxu||||| |||| 00| 0 spa d
041 _aspa
100 1 _aÁlvarez de los Mozos, Patxi
_970697
245 0 0 _aVivir y trabajar unidos en un solo cuerpo
_cPatxi Álvarez De Los Mozos
773 0 _tSal Terrae
_gV.96, nº1123,2008,págs. 397-408
_x0211-4569
_wRev410
942 _cAR
999 _c384439
_d384439